| 000 | 00872cab a22002175a 4500 | ||
|---|---|---|---|
| 001 | L151169 | ||
| 008 | 101005e20101002xxk 000 0 eng d | ||
| 035 | _a(Sirsi) u151169 | ||
| 041 | 0 | _aeng | |
| 100 | 1 | _aWilmot-Smith, Andrew | |
| 245 | 0 | 2 | _aA potential gold mine |
| 260 | _c2010 | ||
| 490 |
_aEstates Gazette _v(1039) 2 October 2010, 106-107(2) |
||
| 520 | _aProperty authorised investment funds (PAIF)s which are open-ended investment companies (OEIC)s comprising of collective investment schemes authorised and regulated by the Financial Services Authority. Flow chart explaining how a PAIF works. Highlights a PAIF's pros and cons and the tax issues. | ||
| 590 | _aKA | ||
| 651 | 4 | _aUNITED KINGDOM | |
| 690 | _aPROPERTY-COMMERCIAL PROPERTY-COMMERCIAL PROPERTY FINANCE AND INVESTMENT | ||
| 700 | 1 | _aBaker, Matthew | |
| 700 | 1 | _aShaw, Keith | |
| 942 | _n0 | ||
| 999 |
_c82721 _d82721 |
||